[Event "XXXII Open"]
[Site "Seville ESP"]
[Date "2007.01.14"]
[Round "8"]
[White "Siebrecht,S"]
[Black "Astengo,C"]
[Result "1-0"]
[WhiteElo "2457"]
[BlackElo "2117"]

1.Nf3 d5 2.g3 c6 3.Bg2 Nf6 4.O-O Bf5 5.d3 e6 6.Nbd2 Be7 7.Qe1 h6 8.e4 dxe4
9.dxe4 Bh7 10.Qe2 Nbd7 11.Rd1 Qc7 12.b3 Nc5 13.Nd4 O-O 14.Bb2 Rfd8 15.a4 a5
16.h3 Rd7 17.e5 Nd5 18.Nc4 Rad8 19.Kh2 Nb6 20.f4 Nxc4 21.Qxc4 Bg6 22.Qe2 Bf8
23.g4 f6 24.Nf3 Be4 25.Rxd7 Rxd7 26.Kh1 fxe5 27.Bxe5 Qd8 28.Rf1 Bd5 29.Qe3 Ne4
30.Nd4 Bc5 31.Rd1 Nf6 32.g5 Bxg2+ 33.Kxg2 hxg5 34.fxg5 Nd5 35.Qg3 Qe7 36.Rf1 Nc3
37.Qg4 Bxd4 38.Bxd4 Rd5 39.Bf6 Qc5 40.Qxe6+ Kh7 41.g6+ Kh8 42.Bxg7+ Kxg7
43.Rf7+ Kh6 44.g7+  1-0

[Event "zt 3.3"]
[Site "Phu Quoc VIE"]
[Date "2007.01.15"]
[Round "6"]
[White "Nguyen Anh Dung"]
[Black "Dao Thien Hai"]
[Result "1/2-1/2"]
[WhiteElo "2533"]
[BlackElo "2559"]

1.Nf3 d5 2.g3 c6 3.Bg2 Bg4 4.O-O Nd7 5.d3 e6 6.Nbd2 Ngf6 7.h3 Bh5 8.c3 Bd6
9.e4 O-O 10.Qe2 Qc7 11.Re1  1/2-1/2

[Event "Open A"]
[Site "Prague CZE"]
[Date "2007.01.16"]
[Round "7"]
[White "Vanek,M"]
[Black "Fox,An"]
[Result "1/2-1/2"]
[WhiteElo "1887"]
[BlackElo "2112"]

1.Nf3 d5 2.g3 Nf6 3.Bg2 c6 4.O-O Bg4 5.d3 e6 6.Nbd2 Be7 7.b3 O-O 8.Bb2 Nbd7
9.h3 Bh5 10.e4 dxe4 11.dxe4 Qc7 12.Qe2 Rfd8 13.Qc4 a5 14.a3 b5 15.Qc3 b4
16.Qc4 Nb6 17.Qe2 Nfd7 18.Nc4 Nxc4 19.Qxc4 Bxf3 20.Bxf3 e5 21.Bxe5 Qxe5 22.axb4 Bxb4
23.Rad1 Qc3  1/2-1/2

[Event "5th Parsvnath Open"]
[Site "New Delhi IND"]
[Date "2007.01.17"]
[Round "4"]
[White "Arun Prasad,S"]
[Black "Udeshi,A"]
[Result "1-0"]
[WhiteElo "2399"]
[BlackElo "2213"]

1.Nf3 d5 2.g3 c5 3.c4 e6 4.Bg2 Nf6 5.O-O Be7 6.d4 Nc6 7.cxd5 exd5 8.Nc3 O-O
9.Be3 c4 10.Ne5 Be6 11.f4 Bf5 12.h3 h5 13.Bf2 Bb4 14.Nxd5 Nxd5 15.e4 c3 16.b3 c2
17.Qf3 Nxd4 18.Bxd4 Nxf4 19.Bb2 Nxg2 20.exf5 Nh4 21.gxh4 Qxh4 22.Nd3 Be7
23.Qg2 Bf6 24.Bxf6 Qxf6 25.Qxc2 Rac8 26.Qg2 Qd4+ 27.Nf2 Rc2 28.Rad1 Qh4 29.Rd3 Rxa2
30.Rg3 Qf6 31.Kh1 Kh8 32.Rg5 Qh6 33.Rg1 Rg8 34.Qf3 g6 35.Ne4 Ra6 36.Nc5 Rb6
37.Nd7 Rb5 38.Nf6 Rc8 39.Nxh5 Rxf5 40.Rxf5 gxf5 41.Qxf5 Qe6 42.Qxe6 fxe6
43.Nf6 Rf8 44.Rg6 e5 45.h4 e4 46.Kg2 e3 47.Kf1 b5 48.h5  1-0

[Event "5th Parsvnath Open"]
[Site "New Delhi IND"]
[Date "2007.01.17"]
[Round "5"]
[White "Palit,S"]
[Black "Sriram,J"]
[Result "1/2-1/2"]
[WhiteElo "2336"]
[BlackElo "2419"]

1.Nf3 d5 2.g3 c6 3.Bg2 Bg4 4.O-O Nd7 5.d4 Ngf6 6.Nbd2 e6 7.Re1 Be7 8.e4 O-O
9.c3 Bh5 10.Qb3 Qc7  1/2-1/2

[Event "SDZ Open"]
[Site "Solin CRO"]
[Date "2007.01.20"]
[Round "1"]
[White "Biliskov,V"]
[Black "Batinic,J"]
[Result "1-0"]
[WhiteElo "2339"]
[BlackElo "1922"]

1.Nf3 d5 2.g3 Nf6 3.Bg2 e6 4.O-O Be7 5.c4 O-O 6.d4 c6 7.Qc2 b6 8.b3 Nbd7
9.Rd1 Re8 10.Nc3 Bb7 11.e4 dxe4 12.Nxe4 Nxe4 13.Qxe4 Nf6 14.Qe2 Qc7 15.Bb2 Rad8
16.Ne5 Nd7 17.Ng4 Nf6 18.Ne3 Rd7 19.Rd3 Red8 20.Rad1 h6 21.h3 a5 22.Kh2 Kf8
23.f4 g6 24.Bc3 h5 25.h4 Bb4 26.Bb2 Be7 27.Bf3 b5 28.Qc2 b4 29.Qd2 Ba6 30.Qg2 c5
31.d5 exd5 32.Be5 Qc8 33.Nxd5 Nxd5 34.Bxd5 f6 35.Bb2 Re8 36.Qe4 f5 37.Qe5 Bxh4
38.Qh8+ Ke7 39.Re3+  1-0

[Event "Stone Flower A"]
[Site "Nizhnij Tagil RUS"]
[Date "2007.01.21"]
[Round "8"]
[White "Maletin,P"]
[Black "Ovetchkin,R"]
[Result "1/2-1/2"]
[WhiteElo "2527"]
[BlackElo "2534"]

1.Nf3 d5 2.g3 Nf6 3.Bg2 c6 4.O-O Bg4 5.c4 e6 6.b3 Bd6 7.Bb2 Nbd7 8.d3 Qe7
9.Nbd2 Ba3 10.Qc1 Bxb2 11.Qxb2 O-O 12.d4 Bxf3 13.Nxf3 Ne4 14.e3 a5 15.Rac1 b5
16.cxb5 cxb5 17.Nd2 Nxd2  1/2-1/2

[Event "ch-GER"]
[Site "Koenigshofen GER"]
[Date "2007.01.22"]
[Round "4"]
[White "Feustel,B"]
[Black "Wichmann,C"]
[Result "1-0"]
[WhiteElo "2319"]
[BlackElo "2419"]

1.Nf3 d5 2.g3 c6 3.Bg2 Bf5 4.b3 Nf6 5.Bb2 Nbd7 6.c4 e6 7.O-O h6 8.d3 Bc5
9.Nbd2 O-O 10.a3 a5 11.Ra2 Qb6 12.h3 Rfd8 13.Qa1 dxc4 14.bxc4 Ne8 15.Bc3 Qc7
16.Kh2 Be7 17.Nb3 Bh7 18.Rb2 a4 19.Nbd4 e5 20.Rfb1 exd4 21.Rxb7 Qc8 22.Nxd4 Ra6
23.Ba5 Rxa5 24.Nxc6 Bf6 25.Qa2 Ra6 26.Nxd8 Bxd8 27.c5 Bf5 28.Qc4 Rc6 29.Bxc6 Qxc6
30.Qb5 Qxc5 31.Qxc5 Nxc5 32.Rb8 Ne6 33.e4 Bg6 34.Rxd8 Nxd8 35.Rb8 f5 36.Rxd8 fxe4
37.dxe4 Kf7 38.f3 Ke6 39.Ra8 Nc7 40.Rxa4 Kd6 41.Rd4+ Kc6 42.g4 Bf7 43.Kg3 g5
44.Rd8 Ne8 45.Kf2 Kc7 46.Ra8 Kb7 47.Ra4 Nd6 48.Ke3 Nc4+ 49.Kd4 Nd2 50.Rb4+ Kc6
51.Ke5 Nxf3+ 52.Kf6 Be8 53.Rb8 Bd7 54.Rh8 Kd6 55.Rxh6 Nd2 56.e5+ Kd5 57.Ke7  1-0

[Event "Open"]
[Site "Marianske Lazne CZE"]
[Date "2007.01.22"]
[Round "3"]
[White "Safyanovsky,M"]
[Black "Jensen,Le"]
[Result "1-0"]
[WhiteElo "2315"]
[BlackElo "2058"]

1.Nf3 d5 2.g3 c6 3.Bg2 Bf5 4.O-O Nf6 5.d3 e6 6.c4 dxc4 7.dxc4 Qxd1 8.Rxd1 Nbd7
9.Nc3 Bb4 10.Bd2 Nb6 11.Nb5 cxb5 12.Bxb4 bxc4 13.Nd4 O-O-O 14.Nb5 Kb8 15.Bd6+ Ka8
16.Nc7+ Kb8 17.Bf4 Rxd1+ 18.Rxd1 Nh5 19.Be5 f6 20.Bd6 Nc8 21.Na6+ Ka8 22.Nc5 Nxd6
23.Rxd6 Kb8 24.Rd7 b6 25.Na6+ Kc8 26.Rxa7 Re8 27.Bc6  1-0

[Event "Open"]
[Site "Marianske Lazne CZE"]
[Date "2007.01.22"]
[Round "3"]
[White "Mohyla,A"]
[Black "Meschke,A"]
[Result "1/2-1/2"]
[WhiteElo "1995"]
[BlackElo "2164"]

1.Nf3 d5 2.g3 Nf6 3.Bg2 Bf5 4.O-O e6 5.Nd4 Bg6 6.c4 c6 7.cxd5 exd5 8.Nc3 Be7
9.d3 O-O 10.Nb3 Nbd7 11.d4 Ne8 12.e4 dxe4 13.Nxe4 Bxe4 14.Bxe4 Ndf6 15.Bg2 Nd5
16.Re1 Nef6 17.Bd2 Re8 18.Bc3 Qd7 19.Qf3 Bd6 20.Nc5 Bxc5 21.dxc5 Nxc3 22.Qxc3 Rad8
23.Rxe8+ Rxe8 24.Re1  1/2-1/2

[Event "ch-SER Qualification"]
[Site "Belgrade SER"]
[Date "2007.01.23"]
[Round "1"]
[White "Brkljaca,A"]
[Black "Lajthajm,B"]
[Result "1-0"]
[WhiteElo "2353"]
[BlackElo "2515"]

1.Nf3 d5 2.g3 c6 3.Bg2 Bf5 4.b3 Nd7 5.Bb2 Ngf6 6.O-O e6 7.d3 h6 8.Nbd2 Bc5
9.e4 dxe4 10.dxe4 Nxe4 11.Nxe4 Bxe4 12.Bxg7 Rg8 13.Bxh6 Qf6 14.Be3 O-O-O
15.Qe2 Qc3 16.Bxc5 Nxc5 17.Qe3 Qxe3 18.fxe3 Nd7 19.Rf2 Bxf3 20.Bxf3 Ne5 21.Kg2 Rg5
22.Rd1 Rdg8 23.Be2 Kc7 24.Rd4 a5 25.a3 R8g7 26.Ra4 Nd7 27.Raf4 Ne5 28.Rh4 b5
29.Rf1 Kd6 30.a4 b4 31.Rh8 Rg8 32.Rxg8 Rxg8 33.h4 Ke7 34.h5 f6 35.Kf2 c5
36.Rh1 Nf7 37.Rh4 Nh6 38.Rc4 Rg5 39.c3 Rf5+ 40.Kg2 bxc3 41.Rxc3 Rd5 42.Rd3 Kd6
43.Kf3 Ke5 44.Rxd5+ exd5 45.g4 Nf7 46.Bd3 Ng5+ 47.Kg3 Nf7 48.Kh4 Ke6 49.e4 d4
50.Bc4+ Ke7 51.Bxf7 Kxf7 52.Kg3 Kg7 53.Kf3 Kh6 54.Ke2 Kg7 55.Kf2 Kh6 56.Kf3 Kh7
57.Kf4 Kh6 58.Kg3 Kh7 59.Kf3 Kg7 60.g5  1-0

[Event "Gibtelecom Masters"]
[Site "Catalan Bay ENG"]
[Date "2007.01.23"]
[Round "1"]
[White "Bradford,J"]
[Black "Georgiev,Ki"]
[Result "0-1"]
[WhiteElo "2453"]
[BlackElo "2661"]

1.Nf3 d5 2.g3 Nf6 3.Bg2 c6 4.d3 Bg4 5.Nbd2 Nbd7 6.h3 Bh5 7.g4 Bg6 8.Nh4 e5
9.c4 Bc5 10.Nxg6 hxg6 11.e3 O-O 12.O-O d4 13.exd4 Bxd4 14.Nf3 Bb6 15.b4 a5
16.b5 e4 17.dxe4 Nxe4 18.bxc6 bxc6 19.Qc2 Re8 20.Bb2 Qc7 21.Rad1 Re7 22.Bd4 Rae8
23.Rfe1 Bc5 24.Bxc5 Ndxc5 25.Nd4 a4 26.Re2 Ng5 27.Rde1 Rxe2 28.Rxe2 Nce6
29.Nxe6 Nxe6 30.Qxa4 Rb8 31.Re1 Nd4 32.Qd1 Qa7 33.Re4 Ne6 34.Qd6 Rb1+ 35.Bf1 Rb2
36.Be2 Rxa2 37.h4 Qb6 38.Kg2 Ra1 39.Bd3 Ra2 40.Be2 Ra8 41.Bf3 Rd8 42.Qe7 Rd2
43.Be2 Qd8 44.Qxd8+ Rxd8 45.Kg3 Kf8 46.Re3 Rd4 47.Ra3 Ke7 48.Ra6 Kd6 49.Ra5 Rd2
50.Bf1 Rd1 51.Kg2 Rc1 52.Ra7 f6 53.Ra4 Nf4+ 54.Kg1 Ne6 55.Kg2 Rc3 56.Ra7 g5
57.hxg5 fxg5 58.Rf7 Ke5 59.Kg1 Rc1 60.Rf5+ Kd4 61.Rf7 Ke5 62.Rf5+ Kd6 63.Rf7 Rd1
64.Kg2 Ra1 65.Kg1 Ke5 66.Rf5+ Ke4 67.f3+ Kd4 68.Kf2 Ra2+ 69.Kg3 Ra7 70.Kf2 Ra2+
71.Kg3 Rd2 72.Rf7 Rb2 73.Rf5 Rb3 74.Kf2 Rb7 75.Kg3 Rb8 76.Rf7 Rf8 77.Re7 Rf6
78.Rd7+ Kc5 79.Ra7 g6 80.Ra5+ Kd4 81.Ra1 Nf4 82.Rd1+ Kc3 83.Rd8 Re6 84.Kf2 Kb4
85.Rb8+ Kc5 86.Ra8 Re5 87.Rd8 Re7 88.Ra8 Kd6 89.Ra5 Ne6 90.Bd3 Nf4 91.Bf1 Re5
92.Ra6 Ne6 93.Ra8 Nc5 94.Rd8+ Ke7 95.Rc8 Kd7 96.Rg8 Re6 97.Ra8 Kc7 98.Rg8 Kd6
99.Rd8+ Ke5 100.Ke3 Kf6+ 101.Kf2 Ke7 102.Ra8 Nd7 103.Ra7 Kd6 104.Ra5 Ne5
105.Be2 Rf6 106.Kg3 Rf8 107.Ra3 Rf7 108.Re3 Rf4 109.Rc3 Kc5 110.Re3 Kd4 111.Ra3 Rf6
112.Ra8 Re6 113.Kf2 Kc5 114.Ra1 Rd6 115.Ra5+ Kd4 116.Ra1 Rf6 117.Rd1+ Kc5
118.Kg3 Rf4 119.Ra1 Nxc4 120.Bxc4 Kxc4 121.Ra5 c5 122.Ra6 Kd3 123.Rxg6 c4
124.Rxg5 Rd4 125.Rc5 c3 126.g5 c2 127.g6 Rd6 128.f4 Rxg6+ 129.Kh4 Rg1  0-1

[Event "GM"]
[Site "Geneve SUI"]
[Date "2007.01.24"]
[Round "5"]
[White "Cvitan,O"]
[Black "Khenkin,I"]
[Result "1/2-1/2"]
[WhiteElo "2536"]
[BlackElo "2611"]

1.Nf3 d5 2.g3 c6 3.Bg2 Bg4 4.O-O Nd7 5.d4 e6 6.Nbd2 Ngf6 7.Re1 Be7 8.c3 O-O
9.e4 dxe4 10.Nxe4 Nxe4 11.Rxe4 Bh5  1/2-1/2

[Event "FINEC WGM"]
[Site "St Petersburg RUS"]
[Date "2007.01.25"]
[Round "1"]
[White "Gromova,I"]
[Black "Solovjova,V"]
[Result "1/2-1/2"]
[WhiteElo "2255"]
[BlackElo "2267"]

1.Nf3 d5 2.g3 c6 3.Bg2 Nf6 4.O-O Bf5 5.c4 e6 6.cxd5 exd5 7.d3 Be7 8.Qc2 O-O
9.Nc3 Qc8 10.e4 Bh3 11.Bxh3 Qxh3 12.exd5 cxd5 13.Qb3 d4 14.Ne2 Nc6 15.Qxb7 Rfc8
16.Qb3 Qg4 17.Kg2 Rab8 18.Qd1 h5 19.b3 Nd5 20.Bb2 h4 21.Neg1 hxg3 22.hxg3 Nf4+
23.Kh1 Qh5+ 24.Nh2 Qd5+ 25.Ngf3 Ne6 26.Kg1 Qf5 27.Rc1 Bf6 28.Re1 Nb4 29.Re4 Rxc1
30.Bxc1 Nxa2 31.Bb2 Nc3 32.Bxc3 dxc3 33.Rc4 Qb5 34.b4 a5 35.bxa5 Qxa5 36.Ng4 Be7
37.Qc2 Bb4 38.Nge5 Nd8 39.d4 f6 40.Nd3 Qd5 41.Rxb4 Rxb4 42.Nxb4 Qxf3 43.Na2 Nc6
44.Qxc3  1/2-1/2

[Event "FINEC IM"]
[Site "St Petersburg RUS"]
[Date "2007.01.25"]
[Round "1"]
[White "Serov,M"]
[Black "Zakharchenko,A"]
[Result "1/2-1/2"]
[WhiteElo "2275"]
[BlackElo "2301"]

1.Nf3 d5 2.g3 c5 3.Bg2 Nc6 4.d4 Nf6 5.O-O Bg4 6.c4 Bxf3 7.Bxf3 Nxd4 8.Bg2 e6
9.Nc3 Qb6 10.e3 Nc6 11.cxd5 exd5 12.Nxd5 Nxd5 13.Bxd5 Be7 14.Bd2 Qxb2 15.Rb1 Qe5
16.Qb3 O-O 17.Bc3 Qh5 18.Rfd1 Rad8 19.Kg2 Nd4 20.exd4 Qxd5+ 21.Qxd5 Rxd5
22.Rxb7 Bf6  1/2-1/2

[Event "Gibtelecom Masters"]
[Site "Catalan Bay ENG"]
[Date "2007.01.27"]
[Round "5"]
[White "Bradford,J"]
[Black "Coimbra,M"]
[Result "1/2-1/2"]
[WhiteElo "2453"]
[BlackElo "2061"]

1.Nf3 d5 2.g3 c6 3.Bg2 Bg4 4.d4 Nd7 5.Nbd2 Ngf6 6.c4 e6 7.O-O Bd6 8.Re1 O-O
9.e4 dxe4 10.Nxe4 Nxe4 11.Rxe4 Nf6 12.Re1 Re8 13.Qa4 Bxf3 14.Bxf3 e5 15.d5 e4
16.Bg2 cxd5 17.cxd5 Nxd5 18.Rxe4 Nf6 19.Rxe8+ Qxe8 20.Qxe8+ Rxe8 21.Be3 b6
22.Rd1 Be5 23.b4 g6 24.Bc6 Rc8 25.b5 Kg7 26.h3 Bc7 27.a4 Rd8 28.Rxd8 Bxd8
29.Bf4 Ng8 30.Bb8 Ne7 31.Kg2 a6 32.Kf3 axb5 33.axb5 Kf6 34.Ke4 Ke6 35.g4 f5+
36.gxf5+ Nxf5 37.Bd5+ Kd7 38.Ke5 Kc8 39.Ba7 Kc7 40.Be4 Bh4 41.Bxf5 gxf5 42.f4 Kb7
43.Bxb6 Kxb6 44.Kxf5 Bg3 45.Kg5 Kxb5 46.f5 Kc6 47.Kh6 Kd5 48.Kxh7 Ke5 49.Kg6 Bh4
50.Kh5 Bf6 51.Kg4 Bd8 52.h4 Bxh4 53.Kxh4 Kxf5  1/2-1/2

[Event "GM"]
[Site "Geneve SUI"]
[Date "2007.01.27"]
[Round "8"]
[White "Cvitan,O"]
[Black "Kurmann,O"]
[Result "1/2-1/2"]
[WhiteElo "2536"]
[BlackElo "2435"]

1.Nf3 d5 2.g3 Nf6 3.Bg2 c6 4.O-O Bg4 5.d3 Nbd7 6.Nbd2 e5 7.e4 Bd6 8.h3 Bh5
9.Qe1 O-O 10.Nh4 Re8 11.Nb3 dxe4 12.dxe4 a5 13.a4 Nc5 14.Nxc5 Bxc5 15.Bf3 Bxf3
16.Nxf3  1/2-1/2

[Event "12th HIT Open A"]
[Site "Nova Gorica SLO"]
[Date "2007.01.27"]
[Round "2"]
[White "Saric,A"]
[Black "Guid,M"]
[Result "1/2-1/2"]
[WhiteElo "2501"]
[BlackElo "2278"]

1.Nf3 d5 2.g3 g6 3.Bg2 Bg7 4.d4 Nf6 5.O-O O-O 6.c4 dxc4 7.Na3 c3 8.bxc3 c5
9.e3 Nc6 10.Bb2 Bf5 11.Qe2 Be4 12.Rfd1 Qa5 13.Bf1 cxd4 14.exd4 Qh5 15.Nd2 Qxe2
16.Bxe2 Bf5 17.Nf1 e5 18.Ne3 Be4 19.d5 Ne7 20.c4 Nf5 21.Bxe5 Rfe8 22.Nxf5 Rxe5
23.Nxg7 Bxd5 24.cxd5 Rxe2 25.Kf1 Re5 26.Ne6 fxe6 27.dxe6 Rxe6 28.Nb5 Re7
29.Re1 Rxe1+ 30.Rxe1 Kf8 31.Re6 Ne8 32.Re3 a6 33.Nd4 Kf7 34.Ne6 h6 35.Nc5 Nd6
36.Rb3 b5 37.Rf3+ Ke7 38.Re3+ Kf7 39.Rf3+ Ke7 40.Re3+ Kf7 41.h4 a5 42.Rf3+ Ke7
43.Re3+ Kf7 44.Rf3+  1/2-1/2

[Event "12th HIT Open A"]
[Site "Nova Gorica SLO"]
[Date "2007.01.27"]
[Round "2"]
[White "Tratar,M"]
[Black "Ivanisevic,I"]
[Result "1/2-1/2"]
[WhiteElo "2478"]
[BlackElo "2602"]

1.Nf3 d5 2.g3 Nc6 3.d4 Bg4 4.Bg2 e6 5.O-O Bd6 6.c4 Nf6 7.Nc3 O-O 8.cxd5 Nxd5
9.Nxd5 exd5 10.Qb3 Re8 11.e3 Qf6 12.Qxd5 Nb4 13.Qg5 Qxg5 14.Nxg5 Be2 15.Re1 Bh5
16.Rf1 Be2  1/2-1/2

[Event "SDZ Open"]
[Site "Solin CRO"]
[Date "2007.01.27"]
[Round "8"]
[White "Biliskov,V"]
[Black "Bobanac,M"]
[Result "1-0"]
[WhiteElo "2339"]
[BlackElo "2303"]

1.Nf3 d5 2.g3 Nf6 3.Bg2 c5 4.O-O Nc6 5.d4 e6 6.c4 dxc4 7.Qa4 Bd7 8.Qxc4 b5
9.Qd3 Qb6 10.Nc3 c4 11.Qd1 Rd8 12.e4 b4 13.Na4 Qa6 14.b3 Nxd4 15.Nxd4 e5
16.Nb2 c3 17.Nc4 Bg4 18.f3 Bc5 19.fxg4 Bxd4+ 20.Kh1 c2 21.Qf3 Bxa1 22.g5 Rd1
23.gxf6 Rxf1+ 24.Bxf1 Qxf6 25.Qxf6 gxf6 26.Bd3 Kd7 27.Bxc2 Ke6 28.Kg2 Rc8
29.Kf3 Bd4 30.Bd3 Rd8 31.Ne3 Bxe3 32.Kxe3 a5 33.Ke2 Kd6 34.Be3 Ra8 35.Bc4 a4
36.bxa4 Rxa4 37.Bb3 Ra8 38.g4 Rc8 39.Bxf7 Rc2+ 40.Bd2 Rb2 41.Kd1 Rb1+ 42.Bc1 Kc5
43.Kc2 Ra1 44.Kb2 Rxc1 45.Kxc1 Kd4 46.Bd5 Ke3 47.Kb2 Kf4 48.h3 Kg3 49.Kb3 Kxh3
50.Be6  1-0

[Event "GM"]
[Site "Geneve SUI"]
[Date "2007.01.28"]
[Round "9"]
[White "Vuilleumier,A"]
[Black "Landenbergue,C"]
[Result "1/2-1/2"]
[WhiteElo "2368"]
[BlackElo "2450"]

1.Nf3 d5 2.g3 c6 3.Bg2 Nf6 4.O-O Bg4 5.Ne5 Bf5 6.d4 e6 7.c4 Nbd7 8.Nxd7 Qxd7
9.Nd2 Be7 10.b3 O-O 11.Bb2 a5 12.a3 h6 13.Re1 Rfd8  1/2-1/2

[Event "Open"]
[Site "Moscow RUS"]
[Date "2007.01.29"]
[Round "3"]
[White "Pasalic,K"]
[Black "Losev,S"]
[Result "1-0"]
[WhiteElo "2197"]
[BlackElo "2080"]

1.Nf3 d5 2.g3 Nf6 3.Bg2 b6 4.c4 e6 5.Nc3 Be7 6.O-O O-O 7.Ne5 Bb7 8.d4 c5
9.dxc5 Bxc5 10.Nd3 Be7 11.Nf4 Bb4 12.cxd5 Bxc3 13.bxc3 e5 14.d6 Bxg2 15.Nxg2 Nbd7
16.Ne3 Ne4 17.c4 Re8 18.f3 Nef6 19.Ba3 Re6 20.Nf5 Nc5 21.Qd2 Ne8 22.Rfd1 Qd7
23.Bxc5 bxc5 24.Qd5 Rd8 25.Qxc5 Nxd6 26.Rd5 g6 27.Nxd6 Rxd6 28.Rad1 Rxd5
29.Rxd5 Rc8 30.Rxd7 Rxc5 31.Rxa7 Rxc4 32.a4 Kg7 33.a5 Ra4 34.Kf2 Ra3 35.h4 h5
36.a6 Kf6 37.Ra8 Ra4 38.Ke3 Ra3+ 39.Kd2 Ra2+ 40.Kd3 Ra3+ 41.Kc2 Ra2+ 42.Kb3 Ra1
43.e4 Ra5 44.Kb4 Ra1 45.Kc5 Rc1+ 46.Kb6 Rb1+ 47.Ka7 Rb3 48.Rb8 Rxf3 49.Rb6+ Kg7
50.Kb8 Ra3 51.a7 Rxa7 52.Kxa7 f6 53.Rb7+ Kh6 54.Rf7  1-0

[Event "Open"]
[Site "Moscow RUS"]
[Date "2007.01.30"]
[Round "4"]
[White "Kurdakov,Y"]
[Black "Tilicheev,V"]
[Result "1-0"]
[WhiteElo "2282"]
[BlackElo "2039"]

1.Nf3 d5 2.g3 c6 3.Bg2 e6 4.O-O Nf6 5.d3 Be7 6.Nbd2 Qc7 7.e4 dxe4 8.dxe4 e5
9.Re1 Be6 10.b3 h6 11.Bb2 Nbd7 12.Qe2 Bb4 13.a3 Ba5 14.b4 Bb6 15.Nc4 Bxc4
16.Qxc4 O-O 17.Bh3 a5 18.Rad1 Rad8 19.Bf5 Ba7 20.h4 Rfe8 21.Qb3 Qb6 22.Rd2 Nf8
23.bxa5 Qxa5 24.Rxd8 Rxd8 25.Bxe5 Qc5 26.Re2 Qe7 27.Kg2 Ne8 28.Bb2 Nd6 29.Bh3 Nb5
30.a4 Nd4 31.Nxd4 Bxd4 32.Ba3 Bc5 33.Bb2 Bd4 34.c3 Ba7 35.Ba3 Bc5 36.Bc1 Ng6
37.e5 Nxe5 38.Bf4 Bd6 39.Bxe5 Bxe5 40.f4 Qc5 41.fxe5 Rd3 42.Rf2 Qxe5 43.Qxf7+ Kh8
44.Qf8+ Kh7 45.Qf5+  1-0

[Event "12th HIT Open A"]
[Site "Nova Gorica SLO"]
[Date "2007.01.31"]
[Round "8"]
[White "Skoberne,J"]
[Black "Krivec,J"]
[Result "1-0"]
[WhiteElo "2436"]
[BlackElo "2316"]

1.Nf3 d5 2.g3 g6 3.Bg2 Bg7 4.d4 Nf6 5.O-O O-O 6.c4 c6 7.cxd5 cxd5 8.Ne5 Ng4
9.f4 Nxe5 10.fxe5 Qb6 11.Nc3 e6 12.Na4 Qd8 13.h4 h6 14.Be3 Nd7 15.Qd2 Kh7
16.Rf4 f6 17.exf6 Rxf6 18.Raf1 Rxf4 19.Rxf4 Qe7 20.Qc2 Nf6 21.Nc5 Nh5 22.Rg4 Qe8
23.Bf3 e5 24.dxe5 Bxg4 25.Bxg4 Qxe5 26.Bf2 Nxg3 27.Nd3 Qd6 28.Qc5 Qxc5 29.Bxc5 b6
30.Bf2 Ne4 31.Be3 Re8 32.Bf4 Nc5 33.Nb4 Bxb2 34.Nxd5 Rd8 35.Bf3 Ne6 36.Bd2 Nd4
37.Be4 Nxe2+ 38.Kf2 Nd4 39.h5 Rf8+ 40.Kg2 Nf5 41.hxg6+ Kg7 42.Nf4 Nh4+ 43.Kg3 Rxf4
44.Kxf4 Nxg6+ 45.Kg4 Ne7 46.Be3 Ng8 47.Kf5 Nf6 48.Bf3 Bc3 49.a4 Bb2 50.Ke6 Kg6
51.Kd6 Ba3+ 52.Kc6 h5 53.Bf4 Bc5 54.Bb8 Ng4 55.Be4+ Kf6 56.Bxa7 Ke5 57.Bh1 Nf2
58.Bxb6 Bxb6 59.Kxb6 Nxh1 60.a5 Nf2 61.a6 h4 62.a7 Kf4 63.a8=Q h3 64.Qb8+ Ke3
65.Qh2 Kf3 66.Kc5 Ke3 67.Kd5 Kf3 68.Kd4 Ke2 69.Qg3 Kf1 70.Ke3  1-0

[Event "12th HIT Open A"]
[Site "Nova Gorica SLO"]
[Date "2007.02.01"]
[Round "9"]
[White "Lenic,L"]
[Black "Sermek,D"]
[Result "1/2-1/2"]
[WhiteElo "2517"]
[BlackElo "2530"]

1.Nf3 d5 2.g3 g6 3.Bg2 Bg7 4.d4 c5 5.O-O cxd4 6.Nxd4 e5 7.Nb3 Ne7 8.Nc3 d4
9.Na4 Nbc6 10.c3 b6 11.cxd4 exd4 12.Bg5 Bb7 13.Nac5 bxc5 14.Nxc5 f6 15.Nxb7 Qc7
16.Nc5 fxg5 17.Rc1 O-O 18.Qb3+ Kh8 19.Ne6 Qd6 20.Nxf8 Rxf8 21.Qa3 Qf6 22.Qa6 Ne5
23.Qxf6 Bxf6 24.Rc7 a5 25.Ra7 Rb8 26.b3 Rb5 27.Rc1 d3 28.exd3 Nxd3 29.Rd1 Nb4
30.Rd2 Rc5 31.Be4 Re5 32.Bf3 g4 33.Bxg4 Nbc6 34.Rb7 h5 35.Bf3 Nd4 36.Kg2 Re1
37.Rd7 Nef5 38.Rd1 Re6 39.Rc1 Be7 40.Rc4 Nxf3 41.Kxf3 Kg8 42.Re4 Kf7 43.Rxe6 Kxe6
44.Ra7 Bb4 45.Ke4 Nd6+ 46.Kd3 Nf7 47.f4 Nd6 48.h3 Nb5 49.Rb7 Nd6 50.Rb6 Kf5
51.Rb8 Be1 52.Rf8+ Ke6 53.g4 hxg4 54.hxg4 Bb4 55.Ra8 Nb7 56.Ra6+ Nd6 57.Kd4 Kf7
58.Rb6 Ke6 59.Ra6 Kf7 60.Kd3 Ke6 61.Rc6 Kd5 62.Rb6 Bc5 63.Ra6 Bb4 64.a3 Be1
65.Ra8 Ke6 66.Ra7 Nb5 67.Ra6+ Nd6 68.Ke2 Bc3 69.Kd3 Be1 70.Rc6 Kd5 71.Ra6  1/2-1/2

[Event "FINEC IM"]
[Site "St Petersburg RUS"]
[Date "2007.02.01"]
[Round "10"]
[White "Serov,M"]
[Black "Sudakova,I"]
[Result "0-1"]
[WhiteElo "2275"]
[BlackElo "2381"]

1.Nf3 d5 2.g3 Nf6 3.Bg2 Bg4 4.O-O Nbd7 5.d4 e6 6.c4 c6 7.Nbd2 Bd6 8.Re1 O-O
9.e4 e5 10.cxd5 cxd5 11.exd5 exd4 12.h3 Bxf3 13.Nxf3 Qb6 14.Nxd4 Bc5 15.Be3 Qxb2
16.Re2 Qa3 17.Rb1 Qa6 18.Reb2 Rae8 19.Qb3 b6 20.Nb5 Qb7 21.Bf4 Rd8 22.Bc7 Rc8
23.Bd6 Rfd8 24.Bxc5 Nxc5 25.Qa3 a6 26.Nd4 Nxd5 27.Rxb6 Qd7 28.R6b2 Nf4 29.Nf3 Nxg2
30.Kxg2 h6 31.Rd2 Qc6 32.Rxd8+ Rxd8 33.Rc1 Rd5 34.Rc3 Qd6 35.Qb4 Kh7 36.a3 a5
37.Qb1+ f5 38.Qc1 Rd1 39.Qc2 Ne4 40.Rc8 Qd5 41.h4 Rd3 42.Qc4 Qxc4 43.Rxc4 Rxa3
44.Nd4 Ra2 45.Nxf5 Rxf2+ 46.Kg1 Nd2  0-1

[Event "Bundesliga 2006-7"]
[Site "Katernberg GER"]
[Date "2007.02.04"]
[Round "9"]
[White "Siebrecht,S"]
[Black "Grund,H"]
[Result "0-1"]
[WhiteElo "2457"]
[BlackElo "2432"]

1.Nf3 d5 2.g3 Nf6 3.Bg2 c6 4.O-O Bg4 5.d3 e6 6.Nbd2 Nbd7 7.Qe1 Bc5 8.e4 O-O
9.Nb3 Bb6 10.h3 Bh5 11.Bg5 h6 12.Bf4 Qe7 13.a4 a5 14.Bd2 Nc5 15.Nxc5 Bxc5
16.e5 Bxf3 17.Bxf3 Nd7 18.Bxa5 f6 19.exf6 Rxf6 20.Bg4 h5 21.Bxh5 Raf8 22.Bg4 Kh8
23.Kh1 Bxf2 24.Qe2 Qd6 25.d4 Qxg3 26.Ra3 Be3 27.Raa1 Rf2 28.Bc7 Qg2+  0-1

[Event "Bundesliga 2006-7"]
[Site "Katernberg GER"]
[Date "2007.02.04"]
[Round "9"]
[White "Schebler,G"]
[Black "Korneev,O"]
[Result "1-0"]
[WhiteElo "2534"]
[BlackElo "2606"]

1.Nf3 d5 2.g3 Bg4 3.Bg2 Nd7 4.c4 e6 5.cxd5 exd5 6.O-O c6 7.d3 Bd6 8.Qc2 Ne7
9.e4 O-O 10.Nc3 Rc8 11.h3 Bh5 12.Be3 Bb8 13.Ne2 c5 14.Nf4 Bxf3 15.Bxf3 d4
16.Bd2 Ne5 17.Qd1 N7g6 18.Bg2 c4 19.dxc4 Nxc4 20.Nd5 Nxb2 21.Qb3 Nc4 22.Rad1 Ne7
23.Bg5 f6 24.Bc1 Nxd5 25.Rxd4 Qb6 26.Rxd5 Qxb3 27.axb3 Nb6 28.Rb5 Rfd8 29.Be3 Be5
30.Ra5 Ra8 31.Rc1 Bd4 32.Bxd4 Rxd4 33.e5 Rd7 34.exf6 gxf6 35.Rcc5 a6 36.Rf5 Rf8
37.Rf4 Nc8 38.Raf5 Kg7 39.Bd5 Nd6 40.Rg4+ Kh6  1-0

[Event "2nd GM"]
[Site "Soller ESP"]
[Date "2007.02.07"]
[Round "4"]
[White "Movsziszian,K"]
[Black "Michalczak,T"]
[Result "1-0"]
[WhiteElo "2445"]
[BlackElo "2332"]

1.Nf3 d5 2.g3 Nf6 3.Bg2 c6 4.O-O h6 5.d3 Bf5 6.Nbd2 e6 7.b3 Be7 8.Bb2 O-O
9.e3 a5 10.a4 Na6 11.Nd4 Bh7 12.f4 Qb6 13.Kh1 Rad8 14.Qe2 Nb4 15.Rac1 Qa6
16.N2f3 c5 17.Nb5 Nc6 18.Nd2 Na7 19.Nxa7 Qxa7 20.g4 b6 21.h4 Nd7 22.g5 hxg5
23.hxg5 Qc7 24.Rf2 Rfe8 25.Rg1 Nf8 26.Bh3 b5 27.axb5 Qb7 28.Rh2 Qxb5 29.Qh5 Bg6
30.Qh4 Nh7 31.e4 dxe4 32.Nxe4 Rd4 33.Bxd4 cxd4 34.Bg4 Ra8 35.Bh5 Qf5 36.Bf3 Rc8
37.Ng3 Qc5 38.Be4 f5 39.gxf6 Bxf6 40.Qh3  1-0

[Event "2nd GM"]
[Site "Soller ESP"]
[Date "2007.02.11"]
[Round "9"]
[White "Movsziszian,K"]
[Black "Larino Nieto,D"]
[Result "1-0"]
[WhiteElo "2445"]
[BlackElo "2450"]

1.Nf3 d5 2.g3 Nf6 3.Bg2 Bg4 4.O-O Nbd7 5.d3 e5 6.h3 Bh5 7.c4 dxc4 8.dxc4 c6
9.Nc3 Qc7 10.Nh4 Rd8 11.Qc2 a5 12.b3 Bc5 13.Na4 Bd4 14.Rb1 O-O 15.e3 Ba7
16.c5 e4 17.Bb2 Ne5 18.Bxe4 Nxe4 19.Qxe4 Rfe8 20.Qf4 Bb8 21.g4 Qd7 22.Qf5 Qxf5
23.Nxf5 Bg6 24.Kg2 h5 25.Rbd1 Rxd1 26.Rxd1 hxg4 27.hxg4 Nxg4 28.Ne7+ Rxe7
29.Rd8+ Kh7 30.Rxb8 Rd7 31.Bd4 Nf6 32.Nb6 Re7 33.Nc4 Bd3 34.Nxa5 Ba6 35.Ra8 Re6
36.Ra7 Ne4 37.Nc4 Bxc4 38.bxc4 Re7 39.a4 Nf6 40.Bxf6 gxf6 41.a5 Re5 42.Rxb7 Rxc5
43.a6 Rxc4 44.Rxf7+ Kg6 45.Rc7 c5 46.Kf3 Ra4 47.a7 f5 48.Kg3 c4 49.Rc6+ Kg5
50.f4+ Kh5 51.Rf6 Rxa7 52.Rxf5+ Kg6 53.Rc5 Ra3 54.Kf3 Rc3 55.Ke4 Kh6 56.Rg5 Rd3
57.Rg1 Rd8 58.Rc1 Re8+ 59.Kf3 Rc8 60.Rc3 Kh5 61.e4 Rb8 62.Ke3 Kg4 63.f5 Rc8
64.Rc1 Kg5 65.Kd4 Rd8+ 66.Ke5 Re8+ 67.Kd5 Rd8+ 68.Kc5 Kf4 69.Rxc4 Ke5 70.Kb6 Rd1
71.Kc7 Rd2 72.Kc8 Rd6 73.Ra4 Rb6 74.Kc7 Rb1 75.Kd7 Rb2 76.Kd8 Rb8+ 77.Kc7 Rb1
78.Ra6 Kxe4 79.f6 Rf1 80.Kd7 Rf5 81.Ke7  1-0

[Event "ch-BRA w"]
[Site "Americana-SP BRA"]
[Date "2007.02.18"]
[Round "3"]
[White "Delai,P"]
[Black "Terao,J"]
[Result "1-0"]
[WhiteElo "2042"]
[BlackElo "2073"]

1.Nf3 d5 2.g3 Nf6 3.Bg2 Bf5 4.d3 e6 5.O-O Be7 6.Nbd2 O-O 7.b3 Nbd7 8.Bb2 h6
9.e3 c6 10.Qe2 Qc7 11.e4 dxe4 12.dxe4 Bh7 13.e5 Nd5 14.c4 Nb4 15.Ne4 Rfd8
16.Rfd1 Nc5 17.Nxc5 Bxc5 18.Bd4 Be7 19.Ne1 c5 20.Bc3 Nc6 21.f4 a6 22.Nf3 Rab8
23.Rac1 b5 24.cxb5 axb5 25.Be1 Qa7 26.Rxd8+ Bxd8 27.Bf2 Be7 28.Bf1 Nb4 29.Qd2 Be4
30.Qxb4 Bxf3 31.Qc3 Bd5 32.Rc2 Qb7 33.Bxc5 Rc8 34.b4 Ra8 35.Bxe7 Qxe7 36.Qc5 Qa7
37.Qxa7 Rxa7 38.Bxb5 Bxa2 39.Bd3 Bd5 40.Rc8+  1-0